Best Picture Nominees 1980s - Statistics

General Stats
  • This quiz has been taken 39 times
  • The average score is 19 of 50
Answer Stats
Year Film % Correct
1988 Rain Man
90%
1986 Platoon
79%
1984 Amadeus
76%
E.T. the Extra-Terrestrial
76%
1981 Chariots of Fire
72%
1982 Gandhi
72%
1983 Terms of Endearment
72%
1985 Out of Africa
69%
1989 Driving Miss Daisy
62%
Raging Bull
62%
1980 Ordinary People
59%
Raiders of the Lost Ark
52%
1987 The Last Emperor
52%
Tootsie
52%
Reds
48%
The Big Chill
41%
The Color Purple
41%
Born on the Fourth of July
38%
Moonstruck
38%
My Left Foot
38%
Prizzi's Honor
38%
Coal Miner's Daughter
34%
Dead Poets Society
31%
Kiss of the Spider Woman
31%
Mississippi Burning
31%
The Killing Fields
31%
Field of Dreams
28%
Hannah and Her Sisters
28%
On Golden Pond
28%
Places in the Heart
28%
A Passage to India
24%
A Room with a View
24%
Broadcast News
24%
Children of a Lesser God
24%
Dangerous Liaisons
24%
Tender Mercies
24%
The Accidental Tourist
24%
The Elephant Man
24%
The Mission
24%
Witness
24%
Working Girl
24%
Fatal Attraction
21%
The Verdict
21%
A Soldier's Story
14%
Atlantic City
14%
Missing
14%
The Dresser
14%
Hope and Glory
10%
Tess
10%
The Right Stuff
10%
No matching quizzes found
Score Distribution
Percent of People with Each Score
Percentile by Number Answered
Your Score History
You have not taken this quiz